Atlanta Braves Trivia - Statistics

General Stats
  • This quiz has been taken 117 times
  • The average score is 7 of 10
Answer Stats
Clue Answer % Correct
How many world series titles do the Braves have? 4
100%
The Braves won the 2021 World Series against what team? Houston Astros
86%
What Braves player made the 40-70 club in 2023, then tookthe base out of the ground and held it up for the audience to see? Ronald Acuna Jr.
85%
The 1998 Braves had three of the most famous pitchersin the game. They were Tom Glavine, John Smoltz, and what other famous pitcher, sometimes known as the Professor? Greg Maddux
84%
What Braves right fielder hit the second-most home runs in MLBhistory after Barry Bonds, known as Hammerin' ____ _____? Hank Aaron
81%
Where did the Braves play before moving to Atlanta? Milwaukee
79%
Which Braves pitcher had the most strikeouts in the MLB in 2023,with 281 strikeouts? Spencer Strider
79%
What was the Braves stadium in 2023? Truist Park
68%
What is featured on the side of the Braves' city connect jersey? A Feather
14%
The Braves played in the first ever national leaguebaseball game against what city's team? Philidelphia
4%
No matching quizzes found
Score Distribution
Percent of People with Each Score
Percentile by Number Answered
Your Score History
You have not taken this quiz